مكتبة جامعة عجلون الوطنية

فهرس بحث المكتبة

Normal view MARC view
  • مؤرخون عرب - خليفة بن خياط 240ه

Entry Topical Term

Number of records used in: 1

001 - CONTROL NUMBER

  • control field: 37381

003 - CONTROL NUMBER IDENTIFIER

  • control field: JO-AjAnu

005 - DATE AND TIME OF LATEST TRANSACTION

  • control field: 20230606080232.0

008 - FIXED-LENGTH DATA ELEMENTS

  • fixed length control field: 230606|| aca||aabn | a|a d

040 ## - CATALOGING SOURCE

  • Original cataloging agency: JO-AjAnu
  • Transcribing agency: JO-AjAnu

150 ## - HEADING--TOPICAL TERM

  • Topical term or geographic name entry element: مؤرخون عرب - خليفة بن خياط 240ه

670 ## - SOURCE DATA FOUND

  • Source citation: Work cat.: (JO-AjAnu)19181: فوزي، فاروق عمر, author 37380, خليفة بن خياط مؤرخا 240ه/854م